Doctor sueño / (Registro nro. 30353)

Detalles MARC
000 -LEADER
fixed length control field 00317nam a22001337a 4500
003 - CONTROL NUMBER IDENTIFIER
control field OSt
005 - DATE AND TIME OF LATEST TRANSACTION
control field 20231127192121.0
008 - FIXED-LENGTH DATA ELEMENTS--GENERAL INFORMATION
fixed length control field 231127b |||||||| |||| 00| 0 eng d
040 ## - CATALOGING SOURCE
Transcribing agency CO-JMCR
082 ## - DEWEY DECIMAL CLASSIFICATION NUMBER
Classification number DG
Item number KINs
100 ## - MAIN ENTRY--PERSONAL NAME
Personal name King Stephen
Relator term autor
9 (RLIN) 42193
245 ## - TITLE STATEMENT
Title Doctor sueño /
Statement of responsibility, etc. Stephen King
942 ## - ADDED ENTRY ELEMENTS (KOHA)
Source of classification or shelving scheme Dewey Decimal Classification
Koha item type Books
Existencias
Withdrawn status Lost status Source of classification or shelving scheme Damaged status Not for loan Home library Current library Date acquired Total Checkouts Full call number Barcode Date last seen Price effective from Koha item type Public note
    Dewey Decimal Classification     Biblored Biblored 11/27/2023   DG KINs 35714005500067 11/27/2023 11/27/2023 Books Material Interbibliotecario Biblored